00285nam a2200121Ia 4500008004100000022001800041082001500059100002100074245002500095260002700120300000800147650000800155191201s2014 xx 000 0 und d a9788131762165 a005.1bSOS aSOMMERVILLE, Ian 0aSoftware Engineering aN.DelhibPearsonc2014 a700 aMCA